=LDR 00000nam 2200000 4500 =001 INLIS000000000056044 =005 20200813082648 =035 ##$$a 0010-0820000185 =007 ta =008 200813###########################0#eng## =020 ##$$a 981 204 162 1 =082 ##$$a 915.98 =084 ##$$a 915.98 Gou c =100 #$$a Gouri Mirpuri =245 1#$$a Cultures Of The World : $b INDONESIA /$c Gouri Mirpuri =260 ##$$a Singapura :$b Times Books International,$c 1990 =300 ##$$a 128 Halaman : $b Ilustrasi ; $c 24cm =650 #4$$a Kebudayaan Indonesia =700 #$$a Editor: Goh Sui Noi =520 ##$$a Index: 128 =990 ##$$a 10151015